• 首页
  • 本馆介绍
  • 公告通知
  • 最新文献
  • 馆藏检索
  • 电子资源
  • 读者导购
  • 参考咨询
  • 我的图书馆
  • 登录
  • 详细信息显示
  • 放入我的书架
  • 预约/预借图书
  • 作者相关作品
  • 分类相关作品
  • 丛书相关作品
  • 出版社相关作品

书目信息

  • 表格格式
  • 工作单格式
  • 卡片格式
题名:
新中国城市社会组织整合研究
    
 
作者: 高中伟 著
分册:  
出版信息: 北京   社会科学文献出版社  2020
页数: 259页
开本: 24cm
丛书名:
单 册:
中图分类: C916.1
科图分类:
主题词: 社会组织管理--she hui zu zhi guan li--研究--中国
电子资源:
ISBN: 978-7-5201-7076-5
000 01196nam0 2200241 450
001 2159261197
005 20210926145340.0
010    @a978-7-5201-7076-5@dCNY99.00
100    @a20201125d2020 em y0chiy0120 ea
101 0  @achi
102    @aCN@b110000
105    @ay z 000yy
106    @ar
200 1  @a新中国城市社会组织整合研究@Axin zhong guo cheng shi she hui zu zhi zheng he yan jiu@dResearch on the integration of urban social organizations in new China@f高中伟著@zeng
210    @a北京@c社会科学文献出版社@d2020
215    @a259页@d24cm
330    @a本书在对党与社会组织关系分析的基础上,根据历史分期对城市社会组织整合的历史进程进行考察,从新中国成立初期、改革开放时期、党的十八大以来三个阶段来探究城市社会组织的发展历程,研究党对城市社会组织整合的基本经验,最后以史为鉴提出在新时代背景下提升党对社会组织整合能力的战略思考,以期为走出一条中国特色的城市社会组织发展之路提供历史借鉴。
510 1  @aResearch on the integration of urban social organizations in new China@zeng
606 0  @a社会组织管理@Ashe hui zu zhi guan li@x研究@y中国
690    @aC916.1@v5
701  0 @a高中伟@Agao zhong wei@f(1970-)@4著
801  0 @aCN@b百万庄@c20210926
905    @b1299504-07@dC916.1@e1765@f4
    
    新中国城市社会组织整合研究=Research on the integration of urban social organizations in new China/高中伟著.-北京:社会科学文献出版社,2020
    259页;24cm
    
    
    ISBN 978-7-5201-7076-5:CNY99.00
    本书在对党与社会组织关系分析的基础上,根据历史分期对城市社会组织整合的历史进程进行考察,从新中国成立初期、改革开放时期、党的十八大以来三个阶段来探究城市社会组织的发展历程,研究党对城市社会组织整合的基本经验,最后以史为鉴提出在新时代背景下提升党对社会组织整合能力的战略思考,以期为走出一条中国特色的城市社会组织发展之路提供历史借鉴。
●
相关链接 在E读中查询图书 在五车中查询图书 在当当中查询图书 在豆瓣中查询图书


正题名:新中国城市社会组织整合研究     索取号:C916.1/1765         预约/预借

序号 登录号 条形码 馆藏地/架位号 状态 备注
1 1299504   212995044   第一样本阅览室/ [索取号:C916.1/1765] 在馆    
2 1299505   212995053   第一借阅区/ [索取号:C916.1/1765] 在馆    
3 1299506   212995062   第一借阅区/ [索取号:C916.1/1765] 在馆    
4 1299507   212995071   第一借阅区/ [索取号:C916.1/1765] 在馆    
唐山师范学院图书馆 欢迎您!
大连网信软件有限公司© 版权所有